Gaming Quiz

Random Gaming Quiz

DeathSpank Hero Cards Quiz Stats

 Plays Quiz not verified by Sporcle

Score 0/6 Timer 03:00
0 Plays Today
Type Card Name % Correct
Armor/Weapon LevelEubrick's Weapon Lesson
100%
Block TimeDarkly's Improved Blocking
66.7%
Melee DamageTannko's Blood Thirst
66.7%
Money LevelsSteve's Grabbiness
66.7%
Movement SpeedSandy's Racing Sprint
33.3%
Ranged DamageZesty's Ranged Offensive
33.3%

You're not logged in!

Compare scores with friends on all Sporcle quizzes.
OR
Log In

Show Comments

Extras

Created Nov 5, 2010ReportNominate
Tags:hero

Top Quizzes Today


Score Distribution

Your Account Isn't Verified!

In order to create a playlist on Sporcle, you need to verify the email address you used during registration. Go to your Sporcle Settings to finish the process.

Report this User

Report this user for behavior that violates our Community Guidelines.

Details: